| 000 | 00579nam a22001817a 4500 | ||
|---|---|---|---|
| 001 | T027600010552 | ||
| 008 | 181111b xve|||||r|||| 00| | esp d | ||
| 099 |
_aIVP-D-05525 _b |
||
| 100 | _aMinisterio de Planificación y Desarrollo. Viceministerio de Planificación y Desarrollo | ||
| 245 | _aCompromisos nacionales de gestión. Bases para la coordinación y evaluación de la acción de Gobierno. | ||
| 260 | _as.f. | ||
| 300 | _a9 p. | ||
| 500 | _aImpreso | ||
| 650 | _aGestión | ||
| 650 | _aadministración pública | ||
| 650 | _apolíticas públicas | ||
| 942 | _cLIB | ||
| 999 |
_c11257 _d11257 |
||